000 00784nam a2200229 a 4500
001 000022689
005 20200930021735.0
008 101115s1967 ag 000 0 spa d
040 _aDO-SdBNP
_bspa
_cBNPHU
041 1 7 _aspa
_heng
_2Código de idiomas MARC
082 _ann*
_bnn*
100 1 _aFinlay, David J.
_946653
240 1 0 _aEnemies in politics.
_lEspañol
245 1 3 _aEl enemigo en política /
_cDavid J. Finlay, Ole R. Holsti y Richard R. Fagen ; traducción de Aníbal Carlos Leal.
260 _aBuenos Aires :
_bLíbera,
_c1967.
300 _a310 p. ;
_c20 cm.
534 _aTítulo original inglés :
_tEnemies in politics
700 1 _aLeal, Aníbal Carlos,
_etr.
_946654
700 1 _aHolsti, Ole R.
_946655
700 1 _aFagen, Richard R.
_946656
049 _aBNGR
999 _c22186
_d22186